Vellivelichavum veyilnalangalum(വെള്ളിവെളിച്ചവും വെയിൽനാളങ്ങളും) (Record no. 115354)

MARC details
000 -LEADER
fixed length control field 00531 a2200157 4500
005 - DATE AND TIME OF LATEST TRANSACTION
control field 20260328111353.0
008 - FIXED-LENGTH DATA ELEMENTS--GENERAL INFORMATION
fixed length control field 260317b |||||||| |||| 00| 0 eng d
020 ## - INTERNATIONAL STANDARD BOOK NUMBER
International Standard Book Number 9789364877022
080 ## - UNIVERSAL DECIMAL CLASSIFICATION NUMBER
Universal Decimal Classification number 92(SAJ)=M
Item number SAJ/V
100 ## - MAIN ENTRY--PERSONAL NAME
Personal name Sajitha Madathil
245 ## - TITLE STATEMENT
Title Vellivelichavum veyilnalangalum(വെള്ളിവെളിച്ചവും വെയിൽനാളങ്ങളും)
260 ## - PUBLICATION, DISTRIBUTION, ETC. (IMPRINT)
Name of publisher, distributor, etc D C books.
Place of publication, distribution, etc Kottayam.
Date of publication, distribution, etc 2025.
300 ## - PHYSICAL DESCRIPTION
Extent 224p.
653 ## - INDEX TERM--UNCONTROLLED
Uncontrolled term Autobiography-Sajitha Madathil-Malayalam Literature
942 ## - ADDED ENTRY ELEMENTS (KOHA)
item type Books
Holdings
Lost status Source of classification or shelving scheme Not for loan Home library Current library Shelving location Date acquired Cost, normal purchase price Total Checkouts Full call number Barcode Date last seen Cost, replacement price Price effective from Koha item type
  Universal Decimal Classification Not For Loan University Library University Library On Display 03/03/2026 199.34   92(SAJ)=M SAJ/V 00097436 03/03/2026 299.00 03/03/2026 Books
University Library, CUSAT